Practical design of power supplies (Record no. 8029)

000 -LEADER
fixed length control field 00504 a2200169 4500
020 ## - INTERNATIONAL STANDARD BOOK NUMBER
International Standard Book Number 047175045X
020 ## - INTERNATIONAL STANDARD BOOK NUMBER
International Standard Book Number 9780471750451
040 ## - CATALOGING SOURCE
Original cataloging agency DLC
Language of cataloging DLC
082 ## - DEWEY DECIMAL CLASSIFICATION NUMBER
Classification number 621.381044
100 1# - MAIN ENTRY--PERSONAL NAME
Personal name Lenk, Ron
245 10 - TITLE STATEMENT
Title Practical design of power supplies
Statement of responsibility, etc. Ron Lenk
260 ## - PUBLICATION, DISTRIBUTION, ETC.
Place of publication, distribution, etc. Hoboken, N.J. :
Name of publisher, distributor, etc. Wiley ;
Place of publication, distribution, etc. Piscataway, N.J. :
Name of publisher, distributor, etc. IEEE Press,
Date of publication, distribution, etc. cop. 2005
300 ## - PHYSICAL DESCRIPTION
Extent xvii, 267 :
Other physical details ill.
500 ## - GENERAL NOTE
General note Ursprungligen utg.: New York : McGraw-Hill, 1998
650 #0 - SUBJECT ADDED ENTRY--TOPICAL TERM
Topical term or geographic name entry element Electric power
942 ## - ADDED ENTRY ELEMENTS (KOHA)
Koha item type Book
Call number prefix 621.381044 LEN
Source of classification or shelving scheme
Holdings
Withdrawn status Lost status Damaged status Not for loan Collection code Permanent Location Current Location Shelving location Date acquired Source of acquisition Cost, normal purchase price Total Checkouts Full call number Barcode Date last seen Price effective from Koha item type
          Central Library (CL) Central Library (CL) General Stacks 05/23/2006 A&J DEF Tek Consultant 5915.41   621.381044 LEN SEECS007339 11/21/2024 01/05/2017 Book
© 2023 Central Library, National University of Sciences and Technology. All Rights Reserved.